Kierowcy F1 2026 - Statystyki

Ogólne statystyki
  • Ten quiz został rozwiązany 276 razy
  • Średni wynik to 19 z 22
Statystyki odpowiedzi
Zespół Kraj Kierowca % Poprawnych
McLaren Wielka Brytania 🇬🇧 Norris
98%
McLaren Australia 🇦🇺 Piastri
98%
Ferrari Wielka Brytania 🇬🇧 Hamilton
96%
Red Bull Holandia 🇳🇱 Verstappen
96%
Ferrari Monako 🇲🇨 Leclerc
95%
Mercedes Wielka Brytania 🇬🇧 Russell
93%
Aston Martin Hiszpania 🇪🇸 Alonso
91%
Mercedes Włochy 🇮🇹 Antonelli
91%
Red Bull Francja 🇫🇷 Hadjar
89%
Cadillac Meksyk 🇲🇽 Perez
87%
Williams Hiszpania 🇪🇸 Sainz
87%
Cadillac Finlandia 🇫🇮 Bottas
86%
Aston Martin Kanada 🇨🇦 Stroll
86%
Audi Niemcy 🇩🇪 Hulkenberg
85%
Williams Tajlandia 🇹🇭 Albon
83%
Haas Francja 🇫🇷 Ocon
82%
Alpine Francja 🇫🇷 Gasly
81%
Racing Bulls Nowa Zelandia 🇳🇿 Lawson
81%
Haas Wielka Brytania 🇬🇧 Bearman
80%
Audi Brazylia 🇧🇷 Bortoleto
79%
Alpine Argentyna 🇦🇷 Colapinto
79%
Racing Bulls Wielka Brytania 🇬🇧 Lindblad
57%
Nie znaleziono quizów pasujących do podanych kryteriów
Rozkład punktacji
Procent ludzi z każdym wynikiem
Percentyl według liczby udzielonych odpowiedzi
Twoja historia wyników
Nie rozwiązałeś tego quizu